000 01056nam a22002417a 4500
005 20150824085029.0
008 150810s1878 xxu||||fr|||| 00| 0 spa d
040 _cSandra Yazo
_dSandra Yazo
041 0 _aspa
082 0 4 _220
_a604.2
092 _aE36N092
100 1 _aKrüsi, Hermann
_d1775-1844
_970723
245 1 0 _aDibujo Krüsi
_bManual para los maestros
_cpor Hernann Krüsi
260 _aNueva York (Estados Unidos)
_bD. Appleton y compañía
_c1878
300 _a79 páginas
_c24 x 16 cm.
490 0 _aSerie analítica
500 _aDetalles fisicos: Encuadernación rígida en cartón forrado en cuero. Tapa delantera con letras en dorado. Guardas. Portadas impresas en una sola tinta. Texto en una columna. Varias ilustraciones entre el texto. Papel con varias manchas
505 1 _aPrólogo ; Ejercicios preliminares ; Figuras rectilíneas ; Figuras curvilíneas ; Curso de aplicación
506 _aConsulta en sala
650 7 _97515
_aDibujo
_xManuales
690 _942746
_aArte
942 _2LOCAL
_cLIBRO
_e1
_hE36N092
999 _c300804
_d300804